| 000 | 00803nam a2200229Ia 4500 | ||
|---|---|---|---|
| 003 | GCL | ||
| 008 | 140319s9999 xx 000 0 ara d | ||
| 040 |
_aGCL / _cGCL |
||
| 082 | 0 | 4 |
_a301.412 _bا ح |
| 100 | 1 | _aشويكار محمد ذكى (مراجع) | |
| 245 | 1 | 0 |
_aالحرية ونضال المرأة الامريكية / _cشويكار محمد ذكى (مراجع) |
| 700 | 1 | _aايفانز، سارة م | |
| 700 | 1 | _aاميرة فهمى | |
| 260 |
_a[S.N] : _bالدار الدولية للنشر والتوزيع ، _c1992 |
||
| 300 | _a398 ص | ||
| 490 | _a | ||
| 650 | 0 | 4 | _aالولايات المتحدة الامريكية |
| 650 | 0 | 4 | _aحقوق المرأة |
| 650 | 0 | 4 | _aالحقوق الدستورية |
| 650 | 0 | 4 | _aالثورة والاتحاد (1789-1775) |
| 942 |
_2ddc _cBK |
||
| 999 |
_c29921 _d29921 |
||